Artists (Record no. 4544)

MARC details
000 -CABECERA
campo de control de longitud fija 02864aam a2200361 i 4500
001 - NÚMERO DE CONTROL
campo de control 8101157
003 - IDENTIFICADOR DEL NÚMERO DE CONTROL
campo de control CaAEU
005 - FECHA Y HORA DE LA ÚLTIMA TRANSACCIÓN
campo de control 20250319101617.0
008 - DATOS DE LONGITUD FIJA--INFORMACIÓN GENERAL
campo de control de longitud fija 170929t20172017nyua 001 0ceng d
010 ## - NÚMERO DE CONTROL DE LA BIBLIOTECA DEL CONGRESO
Número de control de LC 2017446089
020 ## - NÚMERO INTERNACIONAL ESTÁNDAR DEL LIBRO
Número Internacional Estándar del Libro 9781465463289
020 ## - NÚMERO INTERNACIONAL ESTÁNDAR DEL LIBRO
Número Internacional Estándar del Libro 1465463283
020 ## - NÚMERO INTERNACIONAL ESTÁNDAR DEL LIBRO
Número Internacional Estándar del Libro 024122618X
020 ## - NÚMERO INTERNACIONAL ESTÁNDAR DEL LIBRO
Número Internacional Estándar del Libro 9780241226186
035 ## - NÚMERO DE CONTROL DEL SISTEMA
Número de control de sistema ocn973806364
040 ## - FUENTE DE LA CATALOGACIÓN
Centro catalogador/agencia de origen YDX
Lengua de catalogación eng
Normas de descripción rda
Centro/agencia transcriptor YDX
Centro/agencia modificador DLC
-- NLE
-- ORX
-- B@L
-- GK8
-- CHILD
-- OCLCF
-- IMD
-- OCL
-- UAB
-- AEU
-- AEVC
042 ## - CÓDIGO DE AUTENTICACIÓN
Código de autenticación lccopycat
050 00 - SIGNATURA TOPOGRÁFICA DE LA BIBLIOTECA DEL CONGRESO
Número de clasificación N40
Número de documento/Ítem .A83 2017
090 ## - LOCALMENTE ASIGNADO TIPO-LC NÚMERO DE CLASIFICACIÓN (OCLC); NÚMERO DE CLASIFICACIÓN LOCAL (RLIN)
Número de clasificación (OCLC) (R) ; Numero de clasificación, CALL (RLIN) (NR) 709.22 ART
Número cutter local (OCLC) ; Número de libro/Signatura topográfica íntegra, CALL (RLIN) AEVC
090 ## - LOCALMENTE ASIGNADO TIPO-LC NÚMERO DE CLASIFICACIÓN (OCLC); NÚMERO DE CLASIFICACIÓN LOCAL (RLIN)
Número de clasificación (OCLC) (R) ; Numero de clasificación, CALL (RLIN) (NR) N 40 A83 2017 folio
Número cutter local (OCLC) ; Número de libro/Signatura topográfica íntegra, CALL (RLIN) AEU
130 0# - ENTRADA PRINCIPAL--TÍTULO UNIFORME
Título uniforme Artists (DK Publishing, Inc.)
245 10 - MENCIÓN DE TÍTULO
Título Artists
Resto del título : their lives and works
Mención de responsabilidad, etc. / foreword by Ross King.
250 ## - MENCIÓN DE EDICIÓN
Mención de edición First American edition.
264 #1 - PRODUCCIÓN, PUBLICACIÓN, DISTRIBUCIÓN, FABRICACIÓN Y COPYRIGHT
Producción, publicación, distribución, fabricación y copyright New York, New York :
Nombre del de productor, editor, distribuidor, fabricante DK Publishing,
Fecha de producción, publicación, distribución, fabricación o copyright [2017]
264 #4 - PRODUCCIÓN, PUBLICACIÓN, DISTRIBUCIÓN, FABRICACIÓN Y COPYRIGHT
Fecha de producción, publicación, distribución, fabricación o copyright ©2017
300 ## - DESCRIPCIÓN FÍSICA
Extensión 360 pages :
Otras características físicas illustrations (some color) ;
Dimensiones 31 cm
500 ## - NOTA GENERAL
Nota general Includes indexes.
520 ## - SUMARIO, ETC.
Sumario, etc. Extraordinary reference book of over 80 famous painters, their lives, their loves, and their iconic paintings.<br/><br/>This art book includes insightful biographies of artists accompanied with remarkable reproductions of their famous artworks. Begin with the early Renaissance and follow art movements through the centuries to some of the most well-known artists alive today.<br/><br/>A gorgeous exploration of the defining people of the art world including pioneers such as Giotto and Jan van Eyck, the greats like Leonardo da Vinci and Raphael, and the visionaries like Frida Kahlo and Hokusai.<br/>The large format art book is overflowing with information and pictures of your favourite classics. The full-page prints are especially spectacular, allowing you to get the full effect of the work that inspired, defined, and encapsulated art movements.<br/>Over 500 years of the craft is discussed, with the chapters organised by century starting with "Before 1500" and ending with "1945 - Present". Each chapter features the relevant painters of those years with its own directory. Read about the historical context of art movements in sections which include timelines and fact panels giving incredible insight into the art world, the past lives of artists and their visions and techniques.<br/>Discover the unconventional stories of the artists' lives, including their influences, developments, friendships, loves, and rivalries. Read about the portraits that Holbein did for Henry VIII to play matchmaker, Caravaggio's astonishing reaction to a badly cooked artichoke, and the many romantic affairs of Picasso. Sometimes scandalous and often tumultuous, the lives of artists such as Raphael, Hogarth, van Gogh, O'Keeffe, Magritte, Warhol, and Kiefer are as interesting and captivating as their work.
650 #0 - PUNTO DE ACCESO ADICIONAL DE MATERIA--TÉRMINO DE MATERIA
Término de materia o nombre geográfico como elemento de entrada Artists
Subdivisión de forma Biography.
650 #0 - PUNTO DE ACCESO ADICIONAL DE MATERIA--TÉRMINO DE MATERIA
Término de materia o nombre geográfico como elemento de entrada Art
Subdivisión general History.
700 ## - ENTRADA AGREGADA--NOMBRE PERSONAL
Nombre de persona King, Ross,
Fechas asociadas al nombre 1962-
Término indicativo de función/relación writer of foreword.
942 ## - ELEMENTOS DE ENTRADA AGREGADA (KOHA)
Fuente del sistema de clasificación o colocación Clasificación de Library of Congress
Holdings
Estado de retiro Estado de pérdida Fuente del sistema de clasificación o colocación Estado dañado No para préstamo Biblioteca de origen Biblioteca actual Fecha de adquisición Total de préstamos Signatura topográfica completa Fecha visto por última vez Número de copia Precio válido a partir de Tipo de ítem Koha Nota pública
    Clasificación de Library of Congress     TBS Barcelona TBS Barcelona 19/03/2025   N40 ART 19/03/2025 1 19/03/2025 Book SOON AVAILABLE

Powered by Koha